000 01089cab a2200265 4500
001 ABS57636
008 090401t1997 xxu||||| |||| 00| 0 eng d
035 _a(Sirsi) u80848
041 _aeng
100 _aCampbell, R.
245 _aHousing : a human right?
260 _c1997
350 _a0
490 _aRoof
_vSeptember/October 1997, 15(1)
520 _aDiscusses the effect the European Convention on Human Rights might have on the decision in the case "Fitzpatrick v Sterling Housing Association Limited" (WB3331-32) which held that a stable homosexual relationship did not constitute a family for the purposes of succession to a statutory tenancy.
650 _aCONVENTION FOR THE PROTECTION OF HUMAN RIGHTS AND FUNDAMENTAL FREEDOMS
650 _aFITZPATRICK V STERLING HOUSING ASSOCIATION LTD
650 _aHARROGATE BC V SIMPSON
650 _aHOMOSEXUAL RELATIONSHIP
650 _aSTATUTORY TENANCY
650 _aSUCCESSION
690 _aPROPERTY-RESIDENTIAL PROPERTY-RESIDENTIAL LANDLORD AND TENANT-RESIDENTIAL TENANCIES
942 _n0
948 _c12/09/1997
999 _c50921
_d50921